书目信息 |
| 题名: |
新日本语能力测试35天巅峰特训
|
|
| 作者: | 柴红梅 , 邵蕾 主编 | |
| 分册: | 2级实战模拟 | |
| 出版信息: | 北京 外文出版社 2010 |
|
| 页数: | 308页 | |
| 开本: | 26cm | |
| 丛书名: | ||
| 单 册: | ||
| 中图分类: | H360.41 | |
| 科图分类: | ||
| 主题词: | 日语--水平考试--自学参考资料 , 日语 | |
| 电子资源: | ||
| ISBN: | 978-7-119-06158-0 | |
| 000 | 00963nam0 2200265 45 | |
| 001 | 1138437609 | |
| 005 | 20110419105130.87 | |
| 010 | @a978-7-119-06158-0@dCNY36.80 | |
| 100 | @a20110406d2010 em y0chiy0110 ea | |
| 101 | 0 | @achi@ajpn |
| 102 | @aCN@b110000 | |
| 105 | @ay z 000yy | |
| 106 | @ar | |
| 200 | 1 | @a新日本语能力测试35天巅峰特训@AXin Ri Ben Yu Neng Li Ce Shi 35 Tian Dian Feng Te Xun@i2级实战模拟@I2 Ji Shi Zhan Mo Ni@f柴红梅,邵蕾主编@FChai Hong Mei, Shao Lei Zhu Bian |
| 210 | @a北京@c外文出版社@d2010 | |
| 215 | @a308页@d26cm@e附光盘1片 | |
| 307 | @a附光盘:ISRC CN-M20-09-0117-0 | |
| 330 | @a本书在深入剖析新日本语能力测试2级考试各个题型的出题规律的基础上,归纳了12套高仿真、针对性强的模拟试题。 | |
| 606 | 0 | @a日语@x水平考试@j自学参考资料 |
| 606 | 0 | @a日语 |
| 690 | @aH360.41@v4 | |
| 701 | 0 | @a柴红梅@AChai Hong Mei@4主编 |
| 701 | 0 | @a邵蕾@AShao Lei@4主编 |
| 801 | 0 | @aCN@bTANGWEI@c20110419 |
| 905 | @b0535650-54@dH360.41@e490@f5 | |
| 新日本语能力测试35天巅峰特训.2级实战模拟/柴红梅,邵蕾主编.-北京:外文出版社,2010 |
| 308页;26cm+附光盘1片 |
| ISBN 978-7-119-06158-0:CNY36.80 |
| 本书在深入剖析新日本语能力测试2级考试各个题型的出题规律的基础上,归纳了12套高仿真、针对性强的模拟试题。 |
| ● |
| 相关链接 |
|
|
|
|
正题名:新日本语能力测试35天巅峰特训
索取号:H360.41/490
 
预约/预借
| 序号 | 登录号 | 条形码 | 馆藏地/架位号 | 状态 | 备注 |
| 1 | 0535650 | 205356504 | 第二样本阅览室/ [索取号:H360.41/490] | 在馆 | |
| 2 | 0535651 | 205356513 | 第四借阅区/ [索取号:H360.41/490] | 在馆 | |
| 3 | 0535652 | 205356522 | 第四借阅区/ [索取号:H360.41/490] | 在馆 | |
| 4 | 0535653 | 205356531 | 第四借阅区/ [索取号:H360.41/490] | 在馆 | |
| 5 | 0535654 | 205356540 | 第四借阅区/ [索取号:H360.41/490] | 在馆 |